The world almanac & book of facts 1979 / (Record no. 8199)
[ view plain ]
| 000 -LEADER | |
|---|---|
| fixed length control field | 00515nam a22001937a 4500 |
| 001 - CONTROL NUMBER | |
| control field | BD-DhSAU |
| 003 - CONTROL NUMBER IDENTIFIER | |
| control field | BD-DhSAU |
| 005 - DATE AND TIME OF LATEST TRANSACTION | |
| control field | 20150610162053.0 |
| 008 - FIXED-LENGTH DATA ELEMENTS--GENERAL INFORMATION | |
| fixed length control field | 150610b1978 nyu||||| |||| 00| 0 eng d |
| 040 ## - CATALOGING SOURCE | |
| Original cataloging agency | BD-DhSAU |
| 082 ## - DEWEY DECIMAL CLASSIFICATION NUMBER | |
| Edition number | 22 |
| Classification number | ... |
| Item number | WOR |
| 245 ## - TITLE STATEMENT | |
| Title | The world almanac & book of facts 1979 / |
| 260 ## - PUBLICATION, DISTRIBUTION, ETC. (IMPRINT) | |
| Place of publication, distribution, etc. | New York : |
| Name of publisher, distributor, etc. | Newspaper Enterprise Association , |
| Date of publication, distribution, etc. | c1978. |
| 300 ## - PHYSICAL DESCRIPTION | |
| Extent | 976 p. : |
| Dimensions | 21 cm. |
| 440 ## - SERIES STATEMENT/ADDED ENTRY--TITLE | |
| Title | The Authority Science 1868. |
| 590 ## - Name of Cataloguer | |
| Name of Cataloger | Jerin |
| 650 ## - SUBJECT ADDED ENTRY--TOPICAL TERM | |
| Topical term or geographic name as entry element | world almanac |
| 942 ## - ADDED ENTRY ELEMENTS (KOHA) | |
| Source of classification or shelving scheme | Dewey Decimal Classification |
| Koha item type | Book |
| Withdrawn status | Lost status | Source of classification or shelving scheme | Damaged status | Not for loan | Collection code | Home library | Branch Name | Shelving location | Date acquired | Total Checkouts | Full call number | Barcode | Date last seen | Price effective from | Koha item type |
|---|---|---|---|---|---|---|---|---|---|---|---|---|---|---|---|
| Dewey Decimal Classification | Not For Loan | Reference | SAU Library | SAU Library | Reference | 08/01/1981 | ... WOR | 8003x | 10/06/2015 | 10/06/2015 | Book |
